000 00467nmm a2200145Ia 4500
008 251105s9999||||xx |||||||||||||||||und||
041 _aspa
100 _aHernández Montecinos , Héctor
245 0 _aLa Divina Revelación :
_b Arquitectura de la Mentalidad
264 _a[Santiago de Chile, Chile] :
_bRil editores,
_c2024
300 _a539 páginas
650 _aLatin American poetry
856 _uhttps://public.digitaliapublishing.com/a/172313
942 _cCF
999 _c106906
_d106906